书目信息 |
| 题名: |
中美关系50年
|
|
| 作者: | 谢国明 著 | |
| 分册: | ||
| 出版信息: | 北京 人民日报出版社 2020.11 |
|
| 页数: | 418页 | |
| 开本: | 24cm | |
| 丛书名: | ||
| 单 册: | ||
| 中图分类: | D829.712 | |
| 科图分类: | ||
| 主题词: | 中美关系--zhong mei guan xi--国际关系史--1969-2019 | |
| 电子资源: | ||
| ISBN: | 978-7-5115-6558-7 | |
| 000 | 01023nam0 2200241 450 | |
| 001 | 2161446814 | |
| 005 | 20210930094218.0 | |
| 010 | @a978-7-5115-6558-7@dCNY78.00 | |
| 100 | @a20210204d2020 em y0chiy0120 ea | |
| 101 | 0 | @achi |
| 102 | @aCN@b110000 | |
| 105 | @ay z 000yy | |
| 106 | @ar | |
| 200 | 1 | @a中美关系50年@Azhong mei guan xi 50nian@e1969-2019@d50 years of SINO-US relations@e1969-2019@f谢国明著@zeng |
| 210 | @a北京@c人民日报出版社@d2020.11 | |
| 215 | @a418页@d24cm | |
| 330 | @a本书以时间为序, 系统梳理了从1969-2019年50年间的中美关系, 该书共分十章。 第一章追述了当代中美关系的“史前史 ” , 接下来九章分别以尼克松、卡特、里根、布什、克林顿、小布什、奥巴马和特朗普等任总统期内的中美关系为着眼点, 叙述和分析了不同时期中美关系的表现和特点。 | |
| 510 | 1 | @a50 years of SINO-US relations@e1969-2019@zeng |
| 606 | 0 | @a中美关系@Azhong mei guan xi@x国际关系史@z1969-2019 |
| 690 | @aD829.712@v5 | |
| 701 | 0 | @a谢国明@Axie guo ming@4著 |
| 801 | 0 | @aCN@b百万庄@c20210928 |
| 905 | @b1302518-521@dD829.712@e211@f4 | |
| 中美关系50年:1969-2019=50 years of SINO-US relations:1969-2019/谢国明著.-北京:人民日报出版社,2020.11 |
| 418页;24cm |
| ISBN 978-7-5115-6558-7:CNY78.00 |
| 本书以时间为序, 系统梳理了从1969-2019年50年间的中美关系, 该书共分十章。 第一章追述了当代中美关系的“史前史 ” , 接下来九章分别以尼克松、卡特、里根、布什、克林顿、小布什、奥巴马和特朗普等任总统期内的中美关系为着眼点, 叙述和分析了不同时期中美关系的表现和特点。 |
| ● |
| 相关链接 |
|
|
|
|
正题名:中美关系50年
索取号:D829.712/211
 
预约/预借
| 序号 | 登录号 | 条形码 | 馆藏地/架位号 | 状态 | 备注 |
| 1 | 1302518 | 213025180 | 第一样本阅览室/ [索取号:D829.712/211] | 在馆 | |
| 2 | 1302519 | 213025199 | 第一借阅区/ [索取号:D829.712/211] | 在馆 | |
| 3 | 1302520 | 213025206 | 第一借阅区/ [索取号:D829.712/211] | 在馆 | |
| 4 | 1302521 | 213025215 | 第一借阅区/ [索取号:D829.712/211] | 在馆 |